Short East African Plays in English: Ten Plays in English (Record no. 4695)

MARC details
000 -LEADER
fixed length control field 00492nam a22001577a 4500
008 - FIXED-LENGTH DATA ELEMENTS--GENERAL INFORMATION
fixed length control field 260423b |||||||| |||| 00| 0 eng d
020 ## - INTERNATIONAL STANDARD BOOK NUMBER
ISBN 0453900285
100 ## - MAIN ENTRY--AUTHOR
Author David Cook
245 ## - TITLE STATEMENT
Title Short East African Plays in English: Ten Plays in English
260 ## - PUBLICATION, DISTRIBUTION, ETC. (IMPRINT)
Place of publication Ibadan
Name of publisher Heinemann Education Books Ltd
Date of publication 1968
300 ## - COLLATION
Pagination xi,148p.
650 ## - TRACINGS
Main Subject English Literature
Subdivision (1st) African literature in English
Subdivision (2nd) East African drama (English)
942 ## - ADDED ENTRY ELEMENTS (KOHA)
Item type Books
050 ## - LIBRARY OF CONGRESS CALL NUMBER
Classification number PR9347
Item number .S56

No items available.